000
00316nam a22001457a 4500
008
210511b ||||| |||| 00| 0 eng d
020
_a
9780195065480
041
_a
eng
080
_2
6th
_a
82
082
_a
82
100
_a
21
101
_a
GJL
245
_a
American Literature
_c
James D. Hart
942
_2
udc
_c
BK
999
_c
57270
_d
57270